| 000 | 00738nam a22002411c 4500 | ||
|---|---|---|---|
| 001 | a987677470 | ||
| 008 | 161018s2004 gw |||| 000u rus d | ||
| 020 |
_a5943562311 _95-94356-231-1 |
||
| 041 | _arus | ||
| 245 | 0 | 0 |
_aNacional'no-kul'turnaja politika v Sibirskom regione v XX veke : _bsbornik naučnych trudov |
| 264 |
_aNovosibirsk, _c2004 |
||
| 650 | 0 | _aNationalitätenpolitik | |
| 650 | 0 | _aNomaden | |
| 650 | 0 | _aKultur | |
| 650 | 0 | _aIdentität | |
| 651 | 0 | _aSibirien | |
| 655 | 0 | _aAufsatzsammlung | |
| 700 | 1 |
_aKrasil'nikov, S. A. _eHerausgeberIn |
|
| 710 | 2 | _aRAN / Sbirskoe otdlenie / Ob'edinennyj institut istorii, filologii i filosofii / Inst. istorii | |
| 942 | _cMG | ||
| 040 | _cRU-10907106 | ||
| 003 | RU-10907106 | ||
| 999 |
_c36545 _d36545 |
||